<?xml version="1.0" encoding="UTF-8"?>
<record
    xmlns:xsi="http://www.w3.org/2001/XMLSchema-instance"
    xsi:schemaLocation="http://www.loc.gov/MARC21/slim http://www.loc.gov/standards/marcxml/schema/MARC21slim.xsd"
    xmlns="http://www.loc.gov/MARC21/slim">

  <leader>01613naa a2200217 i 4500</leader>
  <controlfield tag="001">2606</controlfield>
  <controlfield tag="003">KOSZ 005</controlfield>
  <controlfield tag="005">20180428093130.0</controlfield>
  <controlfield tag="008">140320s2009    pl     f     |000 0 pol</controlfield>
  <datafield tag="040" ind1=" " ind2=" ">
    <subfield code="c">BPK</subfield>
    <subfield code="d">KOSZ 005/EG</subfield>
  </datafield>
  <datafield tag="080" ind1=" " ind2=" ">
    <subfield code="a">621.59</subfield>
  </datafield>
  <datafield tag="100" ind1="1" ind2=" ">
    <subfield code="a">BOHDAL, Tadeusz.</subfield>
    <subfield code="d">1996 -  .</subfield>
    <subfield code="b">Politechnika Koszali&#x144;ska - Wydzia&#x142; Mechaniczny,</subfield>
    <subfield code="c">Katedra Techniki Cieplnej i Ch&#x142;odnictwa</subfield>
  </datafield>
  <datafield tag="245" ind1="1" ind2=" ">
    <subfield code="a">Badanie skraplania czynnik&#xF3;w ch&#x142;odniczych w minikana&#x142;ach rurowych /</subfield>
    <subfield code="c">Tadeusz Bohdal, Henryk Charun, Ma&#x142;gorzata Sikora, Niko&#x142;ay Iwanowicz Radchenko.</subfield>
  </datafield>
  <datafield tag="500" ind1=" " ind2=" ">
    <subfield code="a">Dane z autopsji.</subfield>
  </datafield>
  <datafield tag="520" ind1=" " ind2=" ">
    <subfield code="a">Przedstawiono wyniki bada&#x144; skraplania nowych proekologicznych czynnik&#xF3;w ch&#x142;odniczych R134a i R404A w minikana&#x142;ach rurowych. Wyznaczono warto&#x15B;ci lokalne i &#x15B;rednie wsp&#xF3;&#x142;czynnika przejmowania ciep&#x142;a i opar&#xF3;w przep&#x142;ywu w ca&#x142;ym procesie skraplania. Zwr&#xF3;cono uwag&#x119;, &#x17C;e w minikana&#x142;ach istnieje mo&#x17C;liwo&#x15B;&#x107; podwy&#x17C;szenia wsp&#xF3;&#x142;czynnika przejmowania ciep&#x142;a, co pozwala na wykorzystanie ich w budowie kompaktowych skraplaczy ch&#x142;odniczych. Istotnym problemem jest wyb&#xF3;r odpowiednich korelacji obliczeniowych. Wyniki bada&#x144; w&#x142;asnych por&#xF3;wnano z wynikami oblicze&#x144; wed&#x142;ug zale&#x17C;no&#x15B;ci innych autor&#xF3;w. Wskazano na niekt&#xF3;re propozycje wyboru takich zale&#x17C;no&#x15B;ci, m. in. korelacj&#x119; Akersa i Shaha.</subfield>
  </datafield>
  <datafield tag="650" ind1=" " ind2="0">
    <subfield code="a">Skraplanie.</subfield>
  </datafield>
  <datafield tag="650" ind1=" " ind2="0">
    <subfield code="a">Czynniki ch&#x142;odnicze.</subfield>
  </datafield>
  <datafield tag="700" ind1="1" ind2=" ">
    <subfield code="a">CHARUN, Henryk.</subfield>
    <subfield code="d">1996 - .</subfield>
    <subfield code="b">Politechnika Koszali&#x144;ska - Wydzia&#x142; Mechaniczny,</subfield>
    <subfield code="c">Katedra Techniki Cieplnej i Ch&#x142;odnictwa</subfield>
  </datafield>
  <datafield tag="773" ind1="0" ind2=" ">
    <subfield code="i">W :</subfield>
    <subfield code="t">Ch&#x142;odnictwo i Klimatyzacja. -</subfield>
    <subfield code="g">2009, nr 11(136), s. 14-20</subfield>
  </datafield>
  <datafield tag="942" ind1=" " ind2=" ">
    <subfield code="c">ART</subfield>
    <subfield code="2">UKD</subfield>
  </datafield>
  <datafield tag="999" ind1=" " ind2=" ">
    <subfield code="c">2606</subfield>
    <subfield code="d">2606</subfield>
  </datafield>
  <datafield tag="952" ind1=" " ind2=" ">
    <subfield code="0">0</subfield>
    <subfield code="1">0</subfield>
    <subfield code="4">0</subfield>
    <subfield code="7">0</subfield>
    <subfield code="a">BPK</subfield>
    <subfield code="b">BPK</subfield>
    <subfield code="o">0967</subfield>
    <subfield code="y">ART</subfield>
  </datafield>
</record>
